[Event "London e2e4 Diamond Jubilee op-B"]
[Site "London"]
[Date "2012.06.03"]
[Round "3"]
[White "Costeloe, C Andrew J"]
[Black "Torricelli, Lorenzo"]
[Result "1-0"]
[WhiteElo "1686"]
[BlackElo "1726"]
[PlyCount "56"]
[EventDate "2012.06.02"]
[EventType "swiss"]
[EventRounds "7"]
[EventCountry "ENG"]
[SourceTitle "EXT 2014"]
[Source "ChessBase"]
[SourceDate "2013.11.20"]
[SourceVersion "1"]
[SourceVersionDate "2013.11.20"]
[SourceQuality "1"]

1. d4 d5 2. Nf3 Nf6 3. e3 Bf5 4. c4 c6 5. Nc3 e6 6. a3 Bd6 7. cxd5 exd5 8. Bd3 Bg4 9. Qc2 Bxf3 10. gxf3 Nbd7 11. Bd2 Qc7 12. Bf5 g6 13. Bh3 Bxh2 14. f4 Bxf4 15. exf4 Nh5 16. Nxd5 Qd6 17. Bxd7+ Kxd7 18. Ne3 Nxf4 19. Bb4 Qe6 20. 0-0-0 h5 21. Rhe1 Qf6 22. Kb1 Rhe8 23. d5 c5 24. Bxc5 b5 25. Qb3 Rab8 26. Nc2 a6 27. Re7+ Qxe7 28. Bxe7 Kxe7 1-0